header

Last lion, Winston Spencer Churchill: (Record no. 82)

MARC details
000 -LEADER
fixed length control field 01404cam a2200373 a 4500
001 - CONTROL NUMBER
control field 4697980
003 - CONTROL NUMBER IDENTIFIER
control field OSt
005 - DATE AND TIME OF LATEST TRANSACTION
control field 20230118121233.0
008 - FIXED-LENGTH DATA ELEMENTS--GENERAL INFORMATION
fixed length control field 821223m19832012mauab b 001 0beng
010 ## - LIBRARY OF CONGRESS CONTROL NUMBER
LC control number 82024972
020 ## - INTERNATIONAL STANDARD BOOK NUMBER
International Standard Book Number 0316545031 (v. 1)
International Standard Book Number 0316545120 (v. 2)
International Standard Book Number 9780316547703 (v. 3)
International Standard Book Number 9780316224093 (v. 3 : int'l ed.)
040 ## - CATALOGING SOURCE
Transcribing agency N/A
050 00 - LIBRARY OF CONGRESS CALL NUMBER
Classification number DA566.9.C5
Item number M26 1983
082 00 - DEWEY DECIMAL CLASSIFICATION NUMBER
Classification number 941.084/092/4
-- B
Edition number 19
100 1# - MAIN ENTRY--PERSONAL NAME
Personal name Manchester, William,
245 14 - TITLE STATEMENT
Title Last lion, Winston Spencer Churchill:
Statement of responsibility, etc Visions of Glory1874-1932
250 ## - EDITION STATEMENT
Edition statement 1st ed.
260 ## - PUBLICATION, DISTRIBUTION, ETC. (IMPRINT)
Place of publication, distribution, etc New York
Name of publisher, distributor, etc Little, Brown and Company
Date of publication, distribution, etc 1983
300 ## - PHYSICAL DESCRIPTION
Extent 3 v. :
Other physical details ill., maps ;
Dimensions 25 cm.
500 ## - GENERAL NOTE
General note Map on lining papers.
General note Vol. 3 by William Manchester and Paul Reid.
504 ## - BIBLIOGRAPHY, ETC. NOTE
Bibliography, etc Includes bibliographies and indexes.
505 1# - FORMATTED CONTENTS NOTE
Formatted contents note v. 1. Visions of glory, 1874-1932 -- v. 2. Alone, 1932-1940 -- v. 3. Defender of the realm, 1940-1965.
600 10 - SUBJECT ADDED ENTRY--PERSONAL NAME
Personal name Churchill, Winston,
Dates associated with a name 1874-1965.
651 #0 - SUBJECT ADDED ENTRY--GEOGRAPHIC NAME
Geographic name Great Britain
General subdivision Politics and government
Chronological subdivision 20th century.
Geographic name Great Britain
General subdivision Foreign relations
Chronological subdivision 20th century.
700 1# - ADDED ENTRY--PERSONAL NAME
Personal name Reid, Paul,
Dates associated with a name 1949-
906 ## - LOCAL DATA ELEMENT F, LDF (RLIN)
a 7
b cbc
c orignew
d 1
e ocip
f 19
g y-gencatlg
942 ## - ADDED ENTRY ELEMENTS (KOHA)
Source of classification or shelving scheme Library of Congress Classification
Koha item type Long Loan Books
Holdings
Withdrawn status Lost status Source of classification or shelving scheme Damaged status Not for loan Collection code Home library Current library Shelving location Date acquired Total Checkouts Full call number Barcode Date last seen Date checked out Price effective from Koha item type
    Library of Congress Classification     Non-fiction Rongo University Library Rongo University Library General Stacks 17/09/2015 1 DA566.9.C5 M26 1983 20153878 08/11/2016 09/10/2016 17/09/2015 Long Loan Books
    Library of Congress Classification       Rongo University Library Rongo University Library General Stacks 04/03/2016   DA566.9.C5 M26 1983 201610704 04/03/2016   04/03/2016 Long Loan Books

© 2026 Rongo University
Contact us: librarian | system librarian | Rongo university